<?xml version="1.0" encoding="UTF-8"?>
<marc:record xmlns:marc="http://www.loc.gov/MARC21/slim">
   <marc:leader>00000nam a2200000 a 4500</marc:leader>
   <marc:datafield ind1="1" ind2=" " tag="100">
      <marc:subfield code="a">Zöller, Elisabeth</marc:subfield>
      <marc:subfield code="4">aut</marc:subfield>
      <marc:subfield code="e">Verfasser/-in</marc:subfield>
   </marc:datafield>
   <marc:datafield ind1="1" ind2=" " tag="100">
      <marc:subfield code="a">Kolloch, Brigitte</marc:subfield>
      <marc:subfield code="4">aut</marc:subfield>
      <marc:subfield code="e">Verfasser/-in</marc:subfield>
   </marc:datafield>
   <marc:datafield ind1="1" ind2=" " tag="100">
      <marc:subfield code="a">Czerwenka, Eva</marc:subfield>
   </marc:datafield>
   <marc:datafield ind1="0" ind2="0" tag="245">
      <marc:subfield code="a">Ich bin ich und ich bin stark</marc:subfield>
   </marc:datafield>
   <marc:datafield ind1="0" ind2="0" tag="245">
      <marc:subfield code="b">Vorlesegeschichten für selbstbewusste Kinder</marc:subfield>
   </marc:datafield>
   <marc:datafield ind1="0" ind2="0" tag="245">
      <marc:subfield code="c">Elisabeth Zöller ; Brigitte Kolloch Brigitte Kolloch ; [Ill.] Eva Czerwenka [und 3 andere]</marc:subfield>
   </marc:datafield>
   <marc:datafield ind1=" " ind2="1" tag="264">
      <marc:subfield code="a">München</marc:subfield>
      <marc:subfield code="b">Ellermann</marc:subfield>
      <marc:subfield code="c">2018</marc:subfield>
   </marc:datafield>
   <marc:datafield ind1="1" ind2=" " tag="520">
      <marc:subfield code="a">In diesem Sammelband finden sich 34 kurze Geschichten zum Vorlesen. Sie sind in folgende Themengruppen unterteilt: Geschichten vom Anderssein und Sich-Verstehen, Geschichten vom Angsthaben und Sich-Trauen, Geschichten vom Nein-Sagen und Grenzen ziehen, Geschichten vom Streiten und Sich-Vertragen. Wie kann man cool und stark sein, ohne andere klein zu machen? Kann Mut wachsen und heißt Mut haben, dass man gefährliche Sachen macht? Wie kann man Krokodile unter dem Bett besiegen und muss man sich immer küssen lassen? Da gibt es Max, der dauernd bestimmen will; Kevin, dessen Brotdose immer leer ist; den gestreiften Willi, der seine Farben loswerden möchte; Lotte, die alleine einkauft; Jonas, der die Riesenrutsche runterrutscht; Leo der zum ersten Mal auswärts schläft und viele mehr. Die vielfältigen Geschichten zeigen, wie man eigene Gefühle ausdrücken kann, wie man es schafft, zuzugeben, dass man Angst hat, wie man zu seiner Meinung stehen und wie man sich wieder vertragen kann. Einfühlsame Vorlesegeschichten über Ängste und Konflikte, über das Verschiedensein und über den Umgang mit Gefühlen für Kinder ab 4 Jahren.</marc:subfield>
   </marc:datafield>
   <marc:datafield ind1=" " ind2=" " tag="020">
      <marc:subfield code="a">9783770700882</marc:subfield>
      <marc:subfield code="9">9783770700882</marc:subfield>
   </marc:datafield>
   <marc:datafield ind1=" " ind2=" " tag="020">
      <marc:subfield code="a">3770700880</marc:subfield>
      <marc:subfield code="9">3770700880</marc:subfield>
   </marc:datafield>
   <marc:datafield ind1=" " ind2=" " tag="300">
      <marc:subfield code="a">128 S. : Ill.</marc:subfield>
   </marc:datafield>
</marc:record>
